| 000 | 00865nam a2200229Ia 4500 | ||
|---|---|---|---|
| 008 | 0000002004 sp ad 0000000000mul00 | ||
| 020 | _a8483735814 | ||
| 090 | _aPSP00 M15m2 | ||
| 245 | 1 | 0 |
_aManu Muniategiandikoetzea Markiegi _b: larrugorrian _c/ fotografías Ricardo Iriare |
| 300 |
_a[32] p. _c/ 24 cm. |
||
| 500 | _aExposición realizada en Sala de Exposiciónones de Leioa, enero, 2004 \ Incluye cronología del artista | ||
| 600 | 0 | 0 |
_aMUNIATEGIANDIKOETXEA, MANU, 1966/ _xTRABAJOS ARTISTICOS |
| 650 | 1 | 4 | _aARTE CONTEMPORANEO ESPAÑOL |
| 650 | 1 | 4 | _aARTISTAS PLASTICOS ESPAÑOLES EXPOSIONES |
| 650 | 1 | 4 | _xCATALOGOS |
| 650 | 1 | 4 | _aDIBUJOS ESPAÑOLES |
| 650 | 1 | 4 | _xEXPOSICIONES |
| 650 | 1 | 4 | _aPINTORES ESPAÑOLES |
| 650 | 1 | 4 | _aPINTURA ESPAÑOLA |
| 700 | 1 | _aIriarte, Ricardo | |
| 999 |
_c13326 _d13326 |
||
| 260 |
_aBizkaia : Universidad del Pais Vasco _c2004 |
||